000 00503nam a22002177a 4500
003 UA-OsUOA
001 38505
007 ta
008 20060512b un ||||| |||| 00| 0 ukr d
100 _aКасьяненко Лариса
090 _a32
_bК11
942 _cSA
040 _aUA-OsUOA
_bukr
_cUA-OsUOA
_dUA-OsUOA
245 _aЧи бути селу багатим?
300 _a13 с.
955 _a0
041 _aukr
080 _a32
773 0 _w38504
650 7 _a32 Політика
_2UDC
999 _c324656
_d324656